000 00393nam a2200169Ia 4500
008 210210b1932 xxu||||| |||| 00| 0 eng d
041 _aeng
082 _a536/113
100 _aREICHENBACH (Hans)
245 _aAtom and cosmos
260 _aLondon
_bGeorge Allen & Unwin Ltd
_c1932
300 _a293
650 _acosmos
650 _aAtom
690 _aModern Physics
906 _a008911
999 _c126708
_d126708